| 000 | 00410 a2200145 4500 | ||
|---|---|---|---|
| 245 |
_aStress response syndromes _hprint |
||
| 020 | _a0876688113 : | ||
| 250 | _a2nd ed. | ||
| 650 | _aliterature | ||
| 005 | 20191021095149.0 | ||
| 260 |
_anju _bJ. Aronson _cc1986 |
||
| 084 | _aRC552.P67 H67 1986 | ||
| 300 |
_axviii, 358 p. : ill. _b 24 cm. _cxviii, 358 p. : ill. ; 24 cm. |
||
| 500 | _aMardi Jon Horowitz. | ||
| 999 |
_c11896 _d11896 |
||